000
00418nam a2200133Ia 4500
008
100328s9999 xx 000 0 und d
082
_b
66167
100
_a
कुंटे माधवी.
245
_a
ओशो विचारदर्पण.
260
_b
मनोविकास.
630
_a
ओशो विचारदर्पण.
730
_a
ओशो विचारदर्पण.
942
_c
BOOK
999
_c
551911
_d
551908